00534nam a22001697a 450000500170000001000150001702000260003203500130005803700130007108200100008410000210009424500750011526000300019027000690022030000250028950000500031420150812164342.0 aENG-113623 c395.00a9788120351134 aEN-97155 bDBAD/PUB a370.1 a Samuel Ravi, S. aPhilosophical and sociological bases of education /cby S. Samuel Ravi aDelhibPHI Learningc2015 aRimjhim House, 111, Patparganj Industrial Estate,bDelhie110092 axix,460p.c24cm(pbk) aIncludes bibliographical references and index